Statistics for Astro (kpop)

Click here to take the quiz!

General Stats

  • This quiz has been taken 78 times
    (61 since last reset)
  • The average score is 10 of 42

Answer Stats

NameAnswer% Correct
JinJinPark Jin Woo
70%
EunwooLee Dong Min
52%
MoonbinMoonbin
43%
JinJinA
41%
EunwooB
41%
RockyPark Min Hyuk
39%
SanhaYoon San Ha
36%
MoonbinB
32%
JinJinGreen
32%
EunwooMarch 30, 1997
32%
Eunwoo1.83 m (6 feet)
30%
JinJinLeader, Main rapper
30%
JinJinMarch 15, 1996
30%
RockyO
30%
JinJin1.74 m (5.7 feet)
27%
SanhaAB
27%
MJKim Myung Jun
27%
MJO
25%
JinJin63 kg (139 lbs)
23%
Rocky1.76 m (5.8 feet)
20%
Moonbin1.80 m (5.9 feet)
20%
Eunwoo64 kg (141 lbs)
20%
MoonbinRed
20%
SanhaYellow
20%
MJ1.75 m (5.7 feet)
18%
Rocky63 kg (139 lbs)
18%
Moonbin64 kg (141 lbs)
18%
MJOrange
18%
EunwooVisual, Vocalist
18%
Sanha1.81 m (5.9 feet)
16%
RockyDark Blue
16%
RockyFebruary 25, 1999
16%
MoonbinJanuary 26, 1998
16%
RockyMain dancer, Lead rapper
16%
MJMain vocalist
16%
MJ58 kg (127 lbs)
14%
Sanha60 kg (132 lbs)
14%
EunwooLight Blue
14%
MJMarch 5, 1994
14%
SanhaMarch 21, 2000
11%
MoonbinMain dancer, Vocalist
7%
SanhaMain Vocalist, Maknae
2%

Score Distribution

Percentile by Number Answered

Percent of People with Each Score

Your Score History

You have not taken this quiz since the last reset